000 00384 a2200109 4500
001 ART_51540
005 20260410162015.0
008 260409a
245 1 0 _aAcciones colectivas: diagnóstico actual y antecedentes jurisprudenciales de la CSJN
100 1 _aRoitman, Facundo J.
773 0 _tTemas de derecho administrativo
_g- Año 5, N° 11 (nov. 2020)
_wREV40468
999 _c32530
_d32530